| 000 | 00412nam a2200157Ia 4500 | ||
|---|---|---|---|
| 005 | 20250423101106.0 | ||
| 008 | 250422s9999 xx 000 0 und d | ||
| 020 | _a0- 13- 891374- 9 | ||
| 050 | _aLB1731.T55 | ||
| 100 | _aWilliam M. Timpson | ||
| 245 | 0 | _aTeaching as performing: a guide to energizing your public presentation | |
| 260 | _bPrentice- Hall | ||
| 260 | _c1982 | ||
| 300 | _a205 p | ||
| 942 | _cBK | ||
| 999 |
_c35262 _d35262 |
||